MARC details
| 000 -LÍDER |
| campo de controle de tamanho fixo |
01230naa a22003257a 4500 |
| 001 - NÚMERO DE CONTROLE |
| campo de controle |
BR8205025 |
| 003 - IDENTIFICADOR DO NÚMERO DE CONTROLE |
| campo de controle |
BR-BrBNA |
| 005 - DATA E HORÁRIO DA ÚLTIMA TRANSAÇÃO |
| campo de controle |
20240918175149.0 |
| 007 - CAMPO FIXO DE DESCRIÇÃO FÍSICA--INFORMAÇÃO GERAL |
| campo de controle de tamanho fixo |
ta |
| 008 - CAMPO DE DADOS FIXOS--INFORMAÇÃO GERAL |
| campo de controle de tamanho fixo |
230509b bl.||||| |||| 00| 0 por d |
| 040 ## - FONTE DA CATALOGAÇÃO |
| Instituição da catalogação original |
BR-BrBNA |
| Idioma da catalogação |
por |
| Instituição que transcreveu o registro |
Biblioteca Nacional de Agricultura |
| 041 ## - CÓDIGO DE IDIOMA |
| Código do idioma do texto/trilha sonora ou título diferente |
(Pt) |
| 072 ## - CÓDIGO DE CATEGORIA DE ASSUNTO |
| Código de Categoria de Assunto |
Q10; Q20; L34 |
| Código do objeto |
9400 |
| -- |
3871 |
| -- |
5214 |
| 090 ## - NÚMERO DE CHAMADA LOCAL |
| Número de chamada |
Q10 BR8205025 |
| 100 1# - ENTRADA PRINCIPAL--NOME PESSOAL |
| Nome pessoal |
Marmo, C.L. |
| 111 1# - ENTRADA PRINCIPAL--NOME DO EVENTO |
| Nome do evento ou lugar |
1. Congresso Brasileiro da Industria de Racoes |
| Local do evento |
Sao Paulo, SP (Brazil) |
| Data do evento ou assinatura do tratado |
5-7 May 1982 |
| 245 1# - TÍTULO |
| Título |
Problemas na industria de laticinios com a qualidade do leite resultante da ma alimentacao do rebanho [nutricao animal, aflatoxina, pesticida] |
| 260 3# - PUBLICAÇÃO, DISTRIBUIÇÃO, ETC. |
| Local de publicação, distribuição, etc. |
Sao Paulo, SP (Brasil): |
| Data da publicação, distribuição, etc. |
1982. |
| 500 ## - NOTA GERAL |
| Nota geral |
Anais do 1. Congresso Brasileiro da Industria de Racoes<br/>Sao Paulo, SP (Brasil): 1982. p. 235-241<br/>(BR8205025-AM)Q10<br/> |
| 650 ## - ASSUNTO--TERMO TÓPICO |
| Cabeçalho tópico ou nome geográfico |
LATICINIO |
| 650 ## - ASSUNTO--TERMO TÓPICO |
| Cabeçalho tópico ou nome geográfico |
NUTRICAO ANIMAL |
| 650 ## - ASSUNTO--TERMO TÓPICO |
| Cabeçalho tópico ou nome geográfico |
AFLATOXINA |
| 650 ## - ASSUNTO--TERMO TÓPICO |
| Cabeçalho tópico ou nome geográfico |
PESTICIDA |
| 650 ## - ASSUNTO--TERMO TÓPICO |
| Cabeçalho tópico ou nome geográfico |
TOXICOLOGIA DE ALIMENTO |
| 650 ## - ASSUNTO--TERMO TÓPICO |
| Cabeçalho tópico ou nome geográfico |
GADO LEITEIRO |
| 650 ## - ASSUNTO--TERMO TÓPICO |
| Cabeçalho tópico ou nome geográfico |
RACAO |
| 773 0# - ENTRADA ANALÍTICA |
| Título |
Anais do 1. Congresso Brasileiro da Industria de Racoes |
| Número de controle do registro |
Q10 BR8205025 |
| Partes relacionadas |
Sao Paulo, SP (Brasil), 1982. p. 235-241 |
| 909 ## - |
| -- |
202404 |
| -- |
Lucia |
| -- |
55 |
| -- |
Lucia Elande |
| 942 ## - ELEMENTOS DE ENTRADA ADICIONADOS (KOHA) |
| Tipo de material Koha |
Capítulo-Livro |
| Fonte da classificação ou esquema de arquivamento na estante |
Classificação AGRIS |